[Event "28th WSCC Open 50 2018"]
[Site "Bled"]
[Date "2018.11.21"]
[Round "4"]
[White "Teo, Kok Siong"]
[Black "Arakhamia-Grant, Ketevan"]
[Result "0-1"]
[WhiteElo "2191"]
[BlackElo "2373"]
[Annotator "TA"]
[PlyCount "70"]
[EventDate "2018.11.17"]
[EventType "swiss"]
[EventCountry "SLO"]
[SourceTitle "playchess.com"]
[Source "ChessBase"]
[SourceQuality "1"]

{[%evp 24,70,29,-21,27,-6,-18,-23,3,13,33,-100,-50,-48,-38,-43,-41,-49,-58,-58,-60,-51,8,7,38,39,39,33,102,103,213,227,212,-300,141,-269,-299,-5293,-5297,-5297,-5189,-29992,-29987,-29991,-29992,-29996,-29992,-29994,-29993]} 1. d4 Nf6 2. c4 g6 3. Nc3 Bg7 4. e4 d6 5. Nf3 O-O 6. Be2 e5 7. O-O Nc6 8. d5 Ne7 9. b4 Nh5 10. g3 f5 11. Ng5 Nf6 12. f3 c6 13. Kg2 {LiveBook: 14 Games. E97: King's Indian: Classical Main Line (6...e5 7 0-0 Nc6): 8 Be3 and 8 d5 Ne7, not 9 Ne1} Kh8 {[#]} 14. Ba3 $146 ({Predecessor:} 14. Be3 f4 15. Bf2 Neg8 16. Qd3 fxg3 17. hxg3 Nh5 18. Nh3 Bxh3+ 19. Kxh3 Qg5 20. Qe3 Qf6 {0-1 (31) Soffer,R (2530)-Smirin,I (2615) Tel Aviv 1996}) 14... Ne8 15. Qd2 {The position is equal.} h6 16. Nh3 a5 {Threatens to win with ...axb4.} (16... f4 {feels hotter.} 17. Nf2 cxd5 18. Nxd5 Nxd5 19. exd5 h5) 17. c5 (17. b5 $14 {stays ahead.}) 17... axb4 18. Bxb4 fxe4 {Hoping for ...cxd5.} 19. fxe4 Rxf1 20. Rxf1 {Strongly threatening cxd6.} cxd5 21. cxd6 Nxd6 {...d4 is the strong threat.} 22. exd5 Bxh3+ ({Black should play} 22... Nef5 $15 23. Rb1 Nd4 24. Bxd6 Qxd6) 23. Kxh3 $11 e4 24. Qf4 Nef5 25. Nxe4 Nxe4 ({Black should try} 25... Nf7 $1 $14) 26. Qxe4 $16 {aiming for Bg4.} Rxa2 (26... Qd7 $16) 27. Bg4 $18 Qg5 {intending ...Ne3.} 28. Bxf5 $4 {[%mdl 8192] [#]} (28. Rf4 $1 $18 {is the narrow road to win.}) 28... Qh5+ $1 $19 29. Qh4 {[#]} Qe2 $1 {[%cal Re2f1]} 30. Re1 $2 ({Not} 30. Qd8+ $2 Kh7 $19) (30. Bd3 Qg2+ 31. Kg4 h5+ 32. Kg5 Qxd5+ 33. Bf5) 30... Qg2+ 31. Kg4 gxf5+ 32. Kh5 Qxd5 {[%cal Rd5f7] Black mates.} 33. Qe7 Kh7 34. h3 Rh2 35. Kh4 Qg2 {Precision: White = 37%, Black = 43%.} 0-1

[Event "28th WSCC Open 50 2018"]
[Site "Bled"]
[Date "2018.11.21"]
[Round "4"]
[White "Dougherty, Michael"]
[Black "Mencinger, Vojko"]
[Result "1-0"]
[WhiteElo "2155"]
[BlackElo "2358"]
[Annotator "TA"]
[PlyCount "102"]
[EventDate "2018.11.17"]
[EventType "swiss"]
[EventCountry "SLO"]
[SourceTitle "playchess.com"]
[Source "ChessBase"]
[SourceQuality "1"]

{[%evp 14,102,76,90,78,81,80,94,88,92,168,173,173,166,210,114,158,170,159,164,204,204,193,194,219,213,227,219,238,197,233,223,236,211,220,183,253,230,380,262,271,283,258,153,285,282,490,454,474,458,431,355,342,330,339,339,324,109,102,105,105,97,99,91,80,80,97,77,279,261,276,250,435,411,772,661,1342,1336,1606,1451,1322,1302,8708,8138,7695,29952,7863,7687,7687,5616,5608]} 1. d4 f5 2. Bg5 h6 3. Bh4 g5 4. e4 Bg7 5. Bg3 f4 (5... d6 6. exf5 Bxf5 7. Qh5+ Kd7 8. Qf3 e6 9. Na3 Nc6 10. c3 Nge7 11. Qd1 Ng6 12. Qb3 {½-½ (53) Dgebuadze,A (2515)-Beukema,S (2396) Brasschaat 2017}) 6. Bxf4 {A80: Dutch Defence: Unusual White second moves} gxf4 7. Qh5+ Kf8 8. Qf5+ {LiveBook: 7 Games. White is better.} (8. Bc4 $2 d5 $19) 8... Nf6 {[#] And now ...d5 would win.} 9. e5 $1 d6 10. Qxf4 {[%mdl 64] Pin} Nc6 {...dxe5 is the strong threat.} 11. Nf3 $146 ({Predecessor:} 11. exf6 Bxf6 12. Nf3 Nxd4 13. Nxd4 {½-½ (73) Hrescak,I (2020)-Wozniak,M (2199) Karpacz 2015}) 11... Nb4 (11... h5 $16) 12. exf6 $18 Bxf6 {[#]} 13. Qd2 $1 {[%cal Rd2b4]} Nc6 14. c3 ({White should play} 14. Nc3 $18) 14... Bg4 15. Be2 Qe8 16. Qf4 Bh5 17. Nbd2 Qf7 18. Ne4 Bg7 19. Qh4 Bg6 20. O-O e6 21. Nfd2 Ne7 22. f4 Ke8 23. Bb5+ Kd8 24. g4 Kc8 (24... a6 $142) 25. Rae1 Rf8 (25... a6 $142) 26. Ng3 {[%cal Be4g3,Bg3f5,Bf5e7][%mdl 32] Hoping for f5!} Bf6 27. Qh3 c6 28. g5 ({Better is} 28. Bc4 $18 d5 29. f5 exf5 30. gxf5) 28... cxb5 (28... Bf5 $16 29. Qg2 (29. Qxh6 Bg7 $11) 29... Bxd4+ 30. cxd4 cxb5) 29. Rxe6 {[%mdl 64] Double Attack, Pin} (29. gxf6 Bf5 $16) 29... Bf5 $2 (29... Bxd4+ 30. cxd4 Kc7) 30. Nxf5 Qxe6 31. Nxe7+ {[%mdl 64] Pin} Kd7 32. Qxe6+ Kxe6 33. gxf6 Rxf6 34. Re1+ Kf7 35. Ne4 $2 (35. Nd5 $18 {is more deadly.} Rf5 36. Re7+ Kf8 37. Ne3 (37. Rxb7 Rxd5 38. Ne4 Rf5 $14) 37... Rxf4 38. Rxb7) 35... Kxe7 $16 36. Nxf6+ Kxf6 {[%mdl 4096] Endgame KR-KR} 37. Kf2 Rc8 38. Kf3 b4 39. cxb4 Rc4 40. Ke4 Rc2 $2 (40... Rxb4 $16 41. b3 Rb5) 41. Kd5 $18 Rxb2 42. a3 (42. Kxd6 $6 Rxb4 43. d5 Rb5 $18) 42... a5 $2 (42... h5 {was called for.} 43. h4 (43. Kxd6 h4 $18) 43... Rh2 44. Re6+ (44. Kxd6 Rxh4 45. d5 Rxf4 $16) 44... Kf5) 43. bxa5 Rb3 (43... Rb5+ $142 44. Kxd6 Rxa5 45. Re6+ Kf7) 44. Kxd6 Rxa3 45. Re5 Ra4 46. Kc7 Rxd4 47. Kxb7 Rxf4 48. Rb5 Kg6 49. a6 Rf7+ 50. Kb6 Rf6+ 51. Ka5 Rf2 {Accuracy: White = 74%, Black = 37%.} 1-0

[Event "28th WSCC Open 50 2018"]
[Site "Bled"]
[Date "2018.11.21"]
[Round "4"]
[White "Gayson, Peter M"]
[Black "Plotkin, Victor"]
[Result "0-1"]
[WhiteElo "2141"]
[BlackElo "2307"]
[Annotator "TA"]
[PlyCount "103"]
[EventDate "2018.11.17"]
[EventType "swiss"]
[EventCountry "SLO"]
[SourceTitle "playchess.com"]
[Source "ChessBase"]
[SourceQuality "1"]

{[%evp 14,103,10,6,9,0,15,13,38,-8,6,0,16,12,25,5,-4,-40,-32,-37,-39,-44,-43,-89,-75,-70,-73,-75,-73,-77,-73,-77,-75,-95,-86,-87,-78,-78,-64,-88,-65,-64,-64,-77,-62,-123,-123,-122,-122,-209,-207,-206,-197,-250,-249,-252,-247,-307,-307,-325,-302,-336,-321,-356,-327,-321,-317,-350,-335,-312,-312,-550,-550,-818,-809,-766,-688,-677,-488,-582,-582,-1232,-663,-1232,-1206,-1197,-1144,-2444,-2395,-1745,-1623,-1276]} 1. e4 e5 2. Nf3 Nf6 3. d4 Nxe4 4. Bd3 d5 5. Nxe5 Bd6 6. Nd2 Bxe5 7. dxe5 Nc5 8. Nf3 {LiveBook: 3 Games. C43: Petroff Defence: 3 d4} Bg4 9. h3 Bh5 10. O-O {The position is equal.} O-O 11. Bf4 Nc6 12. Be2 Re8 13. Re1 Qd7 14. Bh2 $146 ({Predecessor:} 14. c3 Rad8 15. b4 Ne4 {0-1 (63) Mateu Palau,X-Jussupow,A (2490) Skien 1979}) 14... Rad8 15. Nd4 Bxe2 16. Rxe2 Nxd4 17. Qxd4 Qb5 18. Rae1 Ne6 19. Qc3 d4 20. Qa3 c5 21. b3 d3 22. Rd2 dxc2 23. Rxc2 Qd3 24. Rcc1 Nd4 25. Qb2 b6 $36 {[%mdl 2048] Black fights for an advantage.} 26. Bg3 Rd5 27. Rcd1 Qg6 28. Kh1 h6 29. Qb1 ({White should try} 29. Rd2 $15) 29... Qxb1 $17 30. Rxb1 Nf5 31. Rbd1 (31. Kh2 $17) 31... Nxg3+ $19 32. fxg3 Rexe5 ({Weaker is} 32... Rdxe5 33. Rxe5 Rxe5 34. Rd8+ Kh7 35. Rd7 $15) 33. Kg1 (33. g4 $142) 33... Rxe1+ 34. Rxe1 {[%mdl 4096] Endgame KR-KR} Rd2 35. Re8+ Kh7 36. a4 Rd3 37. Re7 a5 ({Not} 37... Rxb3 38. Rxa7 Kg6 39. Kf2 $17) 38. Rxf7 {intending Rf3.} Rxb3 39. Kf2 c4 {[%cal Bc5c4,Bc4c3,Bc3c2][%mdl 32]} 40. Rc7 c3 41. Ke3 c2+ 42. Kd2 $2 {[#]} (42. Kd4 {might work better.} Rb4+ 43. Kd5) 42... Rxg3 {Black is clearly winning.} 43. Rc6 Rxg2+ 44. Kc1 Rg3 45. Rxb6 Ra3 46. Kxc2 Rxa4 47. Kd2 Ra3 48. h4 Rh3 49. Ra6 Rxh4 50. Rxa5 Re4 51. Kd3 Re6 52. Kd4 {Accuracy: White = 32%, Black = 74%.} 0-1

[Event "28th WSCC Open 50 2018"]
[Site "Bled"]
[Date "2018.11.21"]
[Round "4"]
[White "Farrell, Neil"]
[Black "Vareille, Francois"]
[Result "1/2-1/2"]
[WhiteElo "2117"]
[BlackElo "2432"]
[Annotator "TA"]
[PlyCount "120"]
[EventDate "2018.11.17"]
[EventType "swiss"]
[EventCountry "SLO"]
[SourceTitle "playchess.com"]
[Source "ChessBase"]
[SourceQuality "1"]

{[%evp 22,120,-10,-11,0,-11,-11,-11,-6,-11,-5,-12,-9,-2,7,0,0,-7,0,-7,-2,0,-5,-5,-2,-8,0,0,0,-9,0,0,0,0,0,0,32,33,33,33,33,33,33,33,514,0,0,0,0,0,0,0,0,0,0,0,0,0,0,0,0,0,0,0,0,0,0,0,0,0,0,0,34,34,34,34,34,34,34,34,34,34,34,34,34,0,0,0,0,0,0,0,0,0,0,0,0,0,0,0,0]} 1. d4 Nf6 2. c4 g6 3. Nc3 d5 4. cxd5 Nxd5 5. e4 Nxc3 6. bxc3 Bg7 7. Be3 c5 8. Qd2 Qa5 9. Rd1 O-O 10. Bc4 Nc6 11. Ne2 Bd7 12. O-O {LiveBook: 3 Games} Rac8 {D86: Exchange Grünfeld: Classical Line (7 Bc4)} (12... cxd4 13. cxd4 Qxd2 14. Rxd2 Rfc8 15. Rb1 Na5 16. Bd3 e6 17. f3 a6 18. Kf2 b5 19. Rc2 Rxc2 20. Bxc2 Nc4 21. Bd3 Nxe3 22. Kxe3 {0-1 (40) Gormally,D (2497)-Howell,D (2670) England 2015}) 13. Bh6 $146 (13. dxc5 {keeps more tension.} Ne5 14. Bb3 Bb5 15. Bd4 Rfd8 16. a4) ({Predecessor:} 13. d5 Ne5 14. Bb3 Bb5 15. f4 Nc4 16. Bxc4 Bxc4 17. Rb1 b6 18. Rfc1 Qxa2 19. Qxa2 Bxa2 20. Ra1 Bc4 21. Kf2 a5 22. Ra4 Bb3 23. Raa1 a4 24. Rcb1 b5 25. Nc1 Bc4 26. Ra3 Rfd8 {0-1 (26) Aubert,C (1977)-Rossen,C (2199) Helsingor 2016}) 13... cxd4 14. Bxg7 Kxg7 15. cxd4 Qxd2 16. Rxd2 Na5 17. Bd3 f5 18. f3 fxe4 19. fxe4 Rxf1+ 20. Kxf1 Nc4 21. Bxc4 $1 Rxc4 $11 {[%mdl 4096] Endgame KRB-KRN} 22. Kf2 b5 23. Ke3 b4 24. d5 Kf6 25. Nd4 Ke5 26. Nf3+ Kd6 $1 27. Ng5 a5 28. Nxh7 Rc3+ 29. Kf4 {Strongly threatening Nf8.} a4 30. Nf8 b3 31. axb3 ({Not} 31. Nxg6 $2 Rc2 $19) 31... axb3 32. Nxd7 $14 {KRN-KR} Rc2 $2 {[%mdl 8192]} (32... Kxd7 $14 33. Rb2 Kd6) 33. Rd3 $2 ({White should try} 33. Ne5 $18 g5+ 34. Kf5) 33... b2 $11 34. Rb3 {[#] Black must now prevent Nb6.} Kxd7 {KR-KR} 35. g4 Rxh2 36. Kg5 Rg2 37. e5 Re2 38. Kxg6 Rxe5 39. Rxb2 {Threatens to win with Rd2.} (39. Rb7+ {looks sharper.} Kd6 40. Rb6+ Kd7 41. Rxb2 Rxd5 42. Rh2) 39... Rxd5 40. g5 Kd6 41. Rg2 Ke5 42. Kh6 Rd6+ 43. g6 Kf4 44. Kh7 e5 45. g7 Rd8 46. Rf2+ Ke3 47. Rf8 Rd7 48. Kg6 Rxg7+ $1 49. Kxg7 $14 {[#] Kf6 would kill now. KR-KP} e4 50. Kg6 {White threatens Kf5 and mate.} Kd2 51. Rd8+ Ke2 52. Kf5 Kf3 53. Ke5 {White wants to mate with Rf8+.} (53. Rh8 $5 {[%cal Rh8h3]} e3 54. Rh3+ Kf2 55. Kf4 $14) 53... e3 {The position is equal.} 54. Rf8+ Kg2 55. Kd4 e2 56. Rg8+ Kf2 57. Rf8+ Kg2 58. Re8 Kf2 59. Kd3 e1=Q 60. Rxe1 Kxe1 {Accuracy: White = 69%, Black = 69%.} 1/2-1/2

[Event "28th WSCC Open 50 2018"]
[Site "Bled"]
[Date "2018.11.22"]
[Round "5"]
[White "Movsziszian, Karen"]
[Black "Bagaturov, Giorgi"]
[Result "1-0"]
[WhiteElo "2513"]
[BlackElo "2417"]
[Annotator "TA"]
[PlyCount "99"]
[EventDate "2018.11.17"]
[EventType "swiss"]
[EventCountry "SLO"]
[SourceTitle "playchess.com"]
[Source "ChessBase"]
[SourceQuality "1"]

{[%evp 9,99,-2,0,0,8,17,12,10,14,12,21,7,15,22,13,27,18,23,24,0,0,0,0,-8,39,32,168,175,204,188,200,206,182,154,220,223,200,113,159,166,191,138,227,174,155,134,125,96,137,138,136,120,190,194,305,303,297,305,305,305,302,302,302,302,309,309,307,308,306,306,311,302,386,374,389,391,387,377,464,458,806,806,747,685,566,477,951,1577,764,717,616,525]} 1. g3 g6 2. c4 c6 (2... Bg7 3. Bg2 d6 4. Nc3 Nc6 5. e3 Bd7 6. Nge2 Qc8 7. h3 e5 8. d4 Nf6 9. b3 O-O 10. Bb2 Re8 11. d5 Ne7 12. e4 h5 13. Bc1 {0-1 (32) Iturrizaga Bonelli,E (2636)-Nakamura,H (2763) chess.com INT 2018}) 3. Bg2 d5 4. Qa4 d4 5. d3 Bg7 6. b4 {A10: English Opening: Unusual Replies for Black} Nf6 7. Nf3 O-O 8. Bb2 {The position is equal.} Ne8 $146 ({Predecessor:} 8... e5 9. Nxe5 Re8 10. Nf3 Qe7 11. Nxd4 Ng4 12. O-O {1-0 (75) Gordievsky,D (2605)-Bellaiche,A (2493) St Petersburg 2017}) 9. Nbd2 Nc7 10. O-O a5 11. bxa5 c5 12. Qc2 $36 {[%mdl 2048] White has good play.} Ne6 13. Nb3 Nc6 14. Ba3 Nxa5 15. Nfd2 Qc7 16. Rfb1 Nc6 17. Bxc5 b6 (17... Bd7 $14) 18. Bxe7 $1 $18 {[%mdl 64] Pin} Re8 {[#]} 19. c5 $1 {[%cal Rc5b6]} bxc5 20. Bxc5 {Black must now prevent Bd6!} Ra6 21. Nc4 Ne5 {[#]} (21... Ncd8 $16) 22. Nxe5 $1 Qxe5 23. Re1 (23. a4 $18) 23... Bd7 24. Bb4 Qh5 25. Bd2 ({Better is} 25. Qc4 $18 Rb6 26. a3) 25... Ng5 (25... Ra4 $16 26. Bf3 Qb5) 26. Bxg5 Qxg5 27. Qc5 Qf6 28. Bf3 h5 29. h4 Rc8 30. Qb4 Rc2 (30... Rb6 $16 31. Qd2 Bf8) 31. Nc5 Rb6 (31... Bf8 $142) 32. Nxd7 Rxb4 33. Nxf6+ Bxf6 34. a4 {[%cal Ba2a4,Ba4a5,Ba5a6][%mdl 32]} Be7 35. a5 Bc5 36. a6 {aiming for a7.} Ba7 37. Rec1 Ra4 38. Rxa4 Rxc1+ {[%mdl 4096] Endgame KRB-KRB} 39. Kg2 Kf8 40. Bd5 Rc5 41. Bc4 Ke7 42. Rb4 Rc7 43. Kf3 Kd6 44. Rb7 {White is clearly winning.} Rxb7 (44... Bc5 $142 45. Rxc7 Kxc7 46. Bxf7 Kb6 47. Bxg6 Kxa6 48. Bxh5 Kb7) 45. axb7 {KB-KB} Ke7 46. Ke4 f6 47. Bb3 Kf8 (47... Bb8 $142 48. Kxd4 Ba7+ 49. Ke4 f5+ 50. Kf4 Kf6) 48. Kd5 (48. Ba4 $142 Ke7 49. f4) 48... Ke7 49. Ba4 g5 50. Bc6 {Accuracy: White = 68%, Black = 32%.} 1-0

[Event "28th WSCC Open 50 2018"]
[Site "Bled"]
[Date "2018.11.22"]
[Round "5"]
[White "Danielsen, Henrik"]
[Black "Porper, Edward"]
[Result "1-0"]
[WhiteElo "2504"]
[BlackElo "2377"]
[Annotator "TA"]
[PlyCount "49"]
[EventDate "2018.11.17"]
[EventType "swiss"]
[EventCountry "SLO"]
[SourceTitle "playchess.com"]
[Source "ChessBase"]
[SourceQuality "1"]

{[%evp 15,49,11,15,-22,-17,-22,8,-3,9,11,23,20,84,36,70,57,83,83,82,56,46,-24,112,39,35,32,33,27,342,0,1054,1052,1059,1032,1905,1893]} 1. e4 e6 2. d3 d5 3. Nd2 c5 4. Ngf3 Nc6 5. g3 Bd6 6. Bg2 Nge7 7. O-O O-O 8. Re1 b6 {LiveBook: 40 Games} 9. Ng5 $146 {A08: King's Indian Attack} ({Predecessor:} 9. c3 a5 10. a4 Ba6 11. exd5 exd5 12. Nb3 Qd7 13. d4 Rfd8 14. Be3 c4 15. Nbd2 b5 16. axb5 Bxb5 17. Nh4 {½-½ (76) Strikovic,A (2570)-Granda Zuniga,J (2615) Las Palmas 2011}) 9... h6 10. Nh3 Qc7 11. f4 {The position is equal.} Qd8 12. c3 {[%cal Bc2c3,Bc3c4][%mdl 32]} b5 13. Nf2 b4 (13... Rb8 $11) 14. c4 {[%cal Re4d5]} Nd4 15. Nb3 Nxb3 16. axb3 a5 17. Qh5 Ra6 18. g4 ({Better is} 18. cxd5 $14 exd5 19. Ng4 (19. exd5 Nf5 $14)) 18... dxc4 (18... Bc7 $11 {remains equal.}) 19. dxc4 (19. e5 $16 Bc7 20. dxc4) 19... e5 $14 20. f5 $36 {[%mdl 2048] aiming for f6! White is pushing.} Nc6 21. g5 hxg5 $2 {[%mdl 8192] [#]} (21... Nd4 $11 {and Black is okay.}) 22. Ng4 $2 ({Worse is} 22. Bxg5 f6 $11) (22. Re3 $1 $18 f6 23. Rh3) 22... Ra7 $2 {[%mdl 8192] [#]} (22... Be7 $11) 23. Re3 $1 $18 {[%cal Re3h3] White is clearly winning.} f6 24. Rh3 Ne7 {[#]} 25. Nxf6+ $1 {[%mdl 512] Accuracy: White = 44%, Black = 27%.} 1-0

[Event "28th WSCC Open 50 2018"]
[Site "Bled"]
[Date "2018.11.22"]
[Round "5"]
[White "Soffer, Ram"]
[Black "Bischoff, Klaus"]
[Result "1/2-1/2"]
[WhiteElo "2472"]
[BlackElo "2507"]
[Annotator "TA"]
[PlyCount "92"]
[EventDate "2018.11.17"]
[EventType "swiss"]
[EventCountry "SLO"]
[SourceTitle "playchess.com"]
[Source "ChessBase"]
[SourceQuality "1"]

{[%evp 9,92,31,35,29,48,32,30,14,18,15,23,0,0,0,23,17,19,13,10,6,8,8,12,8,7,12,8,4,2,4,4,11,6,3,9,0,0,0,0,0,0,0,7,0,0,-23,16,0,0,0,0,0,0,0,0,-8,-8,-8,-8,-8,-12,-102,-8,-8,-8,-8,0,0,0,0,0,0,0,0,0,0,8,8,8,0,0,0,0,0,0]} 1. e4 e6 2. d4 d5 3. Bd3 c5 4. exd5 Qxd5 (4... exd5 5. Nf3 Nf6 6. O-O c4 7. Re1+ Be7 8. Be2 O-O 9. b3 cxb3 10. axb3 Nc6 11. c3 Re8 12. Nbd2 Bd6 13. Bd3 Bg4 14. Rxe8+ Qxe8 {0-1 (52) Fontaine,R (2563)-Carlsen,M (2834) chess.com INT 2018}) 5. Nc3 Qd8 6. Nf3 {C01: French: Exchange Variation} Nf6 7. Bg5 cxd4 8. Bb5+ {White has an edge.} Bd7 9. Qxd4 a6 $146 ({Predecessor:} 9... Be7 10. O-O-O O-O 11. Bd3 Nc6 12. Qh4 g6 13. Ne4 Nxe4 14. Bxe7 Qxe7 15. Qxe4 Rfd8 16. a3 a6 {½-½ (16) Neumann,U (1435)-Tavecchia,M (1666) IECG email 2001}) 10. Bxd7+ (10. Bd3 {looks sharper.} Be7 11. O-O h6 12. Bf4 Nc6 13. Qe3) 10... Nbxd7 11. O-O-O Bc5 12. Bxf6 {[#] And now Ne4 would win.} Bxd4 13. Bxd8 Bxc3 $1 14. Bg5 Ba5 15. Nd2 f6 16. Be3 Bc7 17. Ne4 O-O-O 18. Nd6+ Bxd6 $1 19. Rxd6 Rhe8 20. Rhd1 Ne5 21. Rxd8+ Rxd8 22. Rxd8+ Kxd8 $11 {[%mdl 4096] Endgame KB-KN} 23. Bf4 Nc6 24. Kd2 e5 25. Be3 Kd7 26. f3 Ke6 27. c4 f5 (27... e4 $5) 28. Kc3 f4 29. Bb6 e4 30. fxe4 Ke5 31. b4 Kxe4 32. a4 g5 33. b5 Ne5 34. Bd4 Nd7 35. Ba7 {[#]} (35. Bf2 $11 {keeps the balance.}) 35... axb5 (35... a5 $1 $17 {Threatens to win with ...b6.} 36. Kc2 g4) 36. cxb5 {The position is equal.} b6 37. Kb4 Kd5 38. a5 bxa5+ 39. Kxa5 g4 40. Kb4 f3 41. gxf3 gxf3 42. Kc3 Nf6 43. Kd3 Ne4 44. Ke3 f2 45. Ke2 Nc3+ 46. Kxf2 Nxb5 {Accuracy: White = 56%, Black = 72%.} 1/2-1/2

[Event "28th WSCC Open 50 2018"]
[Site "Bled"]
[Date "2018.11.22"]
[Round "5"]
[White "Vareille, Francois"]
[Black "Teo, Kok Siong"]
[Result "1-0"]
[WhiteElo "2432"]
[BlackElo "2191"]
[Annotator "TA"]
[PlyCount "97"]
[EventDate "2018.11.17"]
[EventType "swiss"]
[EventCountry "SLO"]
[SourceTitle "playchess.com"]
[Source "ChessBase"]
[SourceQuality "1"]

{[%evp 25,97,33,19,4,21,20,36,26,34,37,36,36,51,49,67,51,60,51,51,54,87,91,162,95,107,104,112,38,113,98,134,122,322,293,286,294,637,391,400,393,382,400,440,437,422,415,427,403,419,416,429,418,485,437,529,538,586,592,537,566,584,583,575,536,470,0,580,566,570,517,954,925,1290,1085]} 1. d4 Nf6 2. c4 e6 3. Nc3 d5 4. cxd5 exd5 5. Bg5 c6 6. Qc2 Be7 7. e3 O-O 8. Bd3 Nbd7 {[%cal Bb8d7,Bd7f8,Bf8e6][%mdl 32]} 9. Nge2 Re8 10. O-O Nf8 11. f3 h6 12. Bh4 Ne6 13. Rad1 b5 {LiveBook: 3 Games. D36: Queen's Gambit Declined: Exchange Variation: Main line (5 Bg5 c6 6 Qc2)} (13... a5 14. Bf2 b6 15. h3 Ra7 16. e4 Nh5 17. Be3 dxe4 18. Bxe4 Qc7 19. d5 cxd5 20. Nxd5 Qxc2 21. Bxc2 {½-½ (89) Sieciechowicz,M (2387)-Kovalenko,I (2639) Bialystok 2017}) 14. Kh1 Bb7 15. Bf5 Nf8 {The position is equal.} 16. Bf2 b4 $146 ({Predecessor:} 16... Qa5 17. a3 Bc8 18. Bd3 Bd7 19. Nc1 Ne6 20. Qd2 Qc7 21. Bb1 {1-0 (72) Horn,M-Weyrich,M (2312) Germany 2004}) 17. Na4 Ba6 18. Rfe1 Qa5 19. b3 g6 20. Bh3 Bc8 21. Bxc8 (21. Qxc6 $2 Bxh3 22. Qc2 (22. gxh3 $2 Rac8 $19) 22... Bd7 $19) 21... Raxc8 22. Nf4 N6d7 23. e4 g5 {[#]} (23... Kg7 $16 {was called for.}) 24. Nd3 (24. Nh5 $1 $18) 24... Ne6 $16 25. Rc1 Qb5 26. Be3 ({Better is} 26. e5 $16) 26... dxe4 (26... c5 $14 27. exd5 (27. Ndxc5 Ndxc5 28. dxc5 d4 $11) 27... Nxd4 28. Bxd4 cxd4 29. Qxc8 Rxc8 30. Rxc8+ Kg7) 27. fxe4 Nf6 {[%cal Bd7f6,Bf6e4,Be4c3][%mdl 32]} 28. Ne5 Red8 $2 (28... c5 $16 {is a better defense.} 29. d5 (29. Nxc5 Bxc5 30. dxc5 Nxc5 $15) 29... Bd6) 29. Nxc6 Rxc6 30. Qxc6 Qd3 $2 (30... Qxc6 31. Rxc6 Nxe4) 31. Rcd1 Qxe4 32. Qxe4 Nxe4 33. d5 {[%mdl 64] [#] Discovered Attack} Nc7 34. Bxa7 f5 35. g4 {[%cal Bg2g4,Bg4f5][%mdl 32]} Nxd5 36. gxf5 Nec3 37. Rd2 ({Weaker is} 37. Nxc3 bxc3 38. Rd4 Rd7 $18) 37... Kf7 38. Re6 Bf6 39. Nb6 h5 40. Nxd5 Rxd5 41. Rxd5 Nxd5 $18 {[%mdl 4096] Endgame KRB-KBN} 42. Bc5 Bc3 43. Kg1 Nf4 44. Re4 Nd5 45. Re6 Nf4 46. Rd6 {White is clearly winning.} h4 47. Be3 Nh3+ (47... Be5 $142) 48. Kg2 g4 49. Rg6 {Accuracy: White = 75%, Black = 34%.} 1-0

[Event "28th WSCC Open 50 2018"]
[Site "Bled"]
[Date "2018.11.22"]
[Round "5"]
[White "Kalegin, Evgenij"]
[Black "Sturua, Zurab"]
[Result "0-1"]
[WhiteElo "2413"]
[BlackElo "2529"]
[Annotator "TA"]
[PlyCount "84"]
[EventDate "2018.11.17"]
[EventType "swiss"]
[EventCountry "SLO"]
[SourceTitle "playchess.com"]
[Source "ChessBase"]
[SourceQuality "1"]

{[%evp 15,84,-18,-18,-21,0,0,0,0,0,-8,0,-63,-61,-78,-79,-79,-60,-60,-62,-82,-29,-31,-29,-23,-48,-38,-31,-69,-63,-81,-24,-27,-18,-61,-83,-85,-80,-110,-103,-97,-90,-158,-31,-72,0,0,71,0,0,0,0,0,0,0,0,0,0,0,0,-235,-237,-235,-233,-347,-329,-531,-534,-568,-556,-1505,-1457]} 1. e4 {[%cal Be2e4,Be4e5][%mdl 32]} c5 2. Nf3 d6 3. c3 Nf6 4. h3 Nc6 5. Bd3 d5 6. e5 Nd7 7. Bb5 {B50: Sicilian: 2...d6, Miscellaneous} Qb6 8. Na3 {[%cal Bb1a3,Ba3c2,Bc2e3,Be3g4,Bg4f6][%mdl 32]} e6 {LiveBook: 4 Games} 9. O-O {The position is equal.} a6 10. Bxc6 Qxc6 11. d4 h6 12. Nc2 b5 $146 ({Predecessor:} 12... Be7 13. Ne3 b5 14. a4 c4 {1-0 (25) Glek,I (2528)-Zubov,A (2586) Voronezh 2010}) 13. a4 (13. Be3 $11) 13... bxa4 $15 14. Ne3 Nb6 $1 15. dxc5 Bxc5 16. Nd4 Qc7 17. f4 g6 (17... h5 $17) 18. Ng4 $11 Bd7 19. Nf6+ Kd8 20. Kh1 Kc8 21. b3 axb3 22. Nxd7 Qxd7 (22... Kxd7 $17 23. Nxb3 a5 $1 {[%mdl 512]}) 23. Nxb3 Qc7 24. Nxc5 Qxc5 25. Ba3 {[%cal Bc1a3,Ba3e7,Be7f6][%mdl 32]} Qc6 26. Be7 Kd7 27. Bf6 Rhb8 28. Qf3 (28. f5 $142) 28... Kc8 (28... Nc4 $17 29. f5 Nd2 {[%mdl 64] Double Attack} 30. fxe6+ fxe6) 29. f5 $1 $15 {[%cal Rf5e6]} exf5 (29... gxf5 $17 30. Qh5 Qe8 31. Qxh6 Nc4) 30. Rfd1 Ra7 {[#]} (30... a5 $11) 31. c4 $1 {[%mdl 512]} Nxc4 $11 {White must now prevent ...Rb5.} 32. Rxd5 Rd7 33. Rd4 Rb6 34. Rxd7 $1 Kxd7 35. Qd3+ $1 Ke6 36. Rc1 Rb4 $1 37. Rd1 $2 {[#]} (37. Bg7 $11 {and White stays safe.} Qd5 38. Qc3) 37... f4 $1 $19 {[%cal Bf5f4,Bf4f3][%mdl 32]} (37... Nxe5 $2 38. Qd8 $18) 38. Qc3 {[#]} Qb7 $1 {Threatens to win with ...Ne3.} 39. Qc2 (39. Qd3 $142 Ne3 40. Qd6+ Kf5 41. Qd3+ Re4 42. Rg1) 39... f3 ({Avoid the trap} 39... Nxe5 $2 40. Bxe5 Kxe5 41. Qc5+ Kf6 42. Rd6+ Kg7 43. Qe5+ Kh7 44. Rd8 $18) 40. Kg1 $2 (40. Kh2 fxg2 41. Qe2) 40... Qb6+ {Black is clearly winning.} 41. Kh2 fxg2 42. Rg1 Qd4 {Accuracy: White = 36%, Black = 61%.} 0-1